| 000 | 00318nam a22000977a 4500 | ||
|---|---|---|---|
| 008 | 150625b xxu||||| |||| 00| 0 eng d | ||
| 010 | _8HCCRSARF:010 | ||
| 245 | _aHIGH COURT CRIMINAL SESSION NO.396 OF 1970 Uganda Vs Isaac Murumbi alias Oburuk | ||
| 260 | _aHigh Court Kampala | ||
| 500 | _3BEFORE: Hon. Mr. Justice D.J. Jones | ||
| 999 |
_c6820 _d6820 |
||